| 000 | 00606nam a2200193Ia 4500 | ||
|---|---|---|---|
| 003 | GCL | ||
| 008 | 140319s9999 xx 000 0 eng d | ||
| 040 |
_aGCL / _cGCL |
||
| 082 | 0 | 4 |
_a892.7 _bV |
| 100 | 1 | _aDELLA VIDA, GIORGIO LEVI | |
| 245 | 1 | 0 |
_aSECONDO ELENCO DEI MANOSCRITTI ARABI ISLAMICI DELLA BIBLIOTECA VATICANA / _cDELLA VIDA, GIORGIO LEVI |
| 260 |
_a[S.N] : _bBIBLIOTECA APOSTOLICA VATICANA ، _c1965 |
||
| 650 | 0 | 4 | _aMANUSCRIPTS |
| 650 | 0 | 4 | _aBIBLIOGRAPHIES |
| 650 | 0 | 4 | _aMANUSCRIPTS, ARABIC |
| 650 | 0 | 4 | _aVATICAN - LIBRARY INDEX |
| 650 | 0 | 4 | _aVATICAN - ARABIC MANUSCRIPTS |
| 942 |
_2ddc _cBK |
||
| 999 |
_c12398 _d12398 |
||